Le droit romain et l'encyclopédie: 31 articles

Saved in:
Bibliografiske detaljer
Main Authors: Diderot, Denis (Author), Boucher D'Argis, Antoine-Gaspard (Author), Chevalier de Jacourt, Louis (Author)
Format: Bog
Sprog:fransk
Udgivet: Nápoles Jovene 1986
Serier:Antiqva, 38
Fag:
Tags: Tilføj Tag
Ingen Tags, Vær først til at tagge denne postø!

MARC

LEADER 00000nam a2200000 a 4500
001 UCV2276
003 CL-VaPUC
008 920413e19860000IT |||||||||||||||||fre|d
082 0 4 |a 340.54  |b DID  |2 21 
100 0 |a Diderot, Denis  |e author  |9 296550 
700 0 |a Boucher D'Argis, Antoine-Gaspard  |e author  |9 296551 
700 0 |a Chevalier de Jacourt, Louis  |e author  |9 296552 
245 1 3 |a Le droit romain et l'encyclopédie: 31 articles 
300 |a 185 p 
942 |c BK 
945 |d 19920413 00:00:00 
260 |a Nápoles  |b Jovene  |c 1986 
650 0 |a Derecho romano  |9 255930 
583 |a last modification  |c 19920413 00:00:00  |k Rodrigo Vera 
490 0 |a Antiqva, 38 
999 |c 209917  |d 209915 
952 |0 0  |1 0  |4 0  |6 340_540000000000000_DID_1986  |7 0  |8 DER_HIS  |9 185808  |a BIBDER  |b BIBDER  |d 2019-11-14  |i 2532379  |o 340.54 DID 1986  |p 2532379  |r 2023-01-25  |w 2019-11-14  |x Ubicación 4to Piso  |y BK  |z Estos recursos deben solicitarse con anticipación  |k DER